[Event "FIDE WSTC Open 50 2025"]
[Site "Prague"]
[Date "2025.02.25"]
[Round "8.33"]
[White "Titscher, Libor"]
[Black "Lesiege, Alexandre"]
[Result "0-1"]
[Annotator "TA"]
[WhiteElo "2147"]
[BlackElo "2504"]
[PlyCount "50"]
[EventDate "2025.02.17"]
[EventType "team-tourn"]
[EventCountry "CZE"]
[SourceTitle "playchess.com"]
[Source "ChessBase"]
[SourceQuality "1"]
[TimeControl "40/5400+30:1800+30"]

{[%evp 12,50,-13,-18,-13,-20,-17,-14,-21,-56,-66,-52,-49,-83,-91,-107,-41,-74,-75,-102,-95,-124,-109,-109,-101,-102,-105,-109,-102,-152,-149,-158,-166,-196,-191,-366,-373,-411,-370,-384,-372]} 1. c4 {[%emt 0:00:03]} e5 {[%emt 0:00:13]} 2. Nc3 {[%emt 0:00:07]} Nf6 {[%emt 0:00:22]} 3. g3 {[%emt 0:00:09]} Bb4 {[%emt 0:00:22]} 4. Bg2 {[%emt 0:00:12]} O-O {[%emt 0:00:08]} 5. e4 {[%emt 0:00:13]} Bxc3 {[%emt 0:01:31]} 6. dxc3 {[%emt 0:00:01]} d6 {[%emt 0:00:09]} 7. Ne2 {[%emt 0:00:44]} a5 $1 {[%emt 0:01:54][%mdl 4] now scores much better than the old 7...Be6. A22: English Opening: 1...e5 2 Nc3 Nf6.} 8. a4 {[%emt 0:00:10]} Na6 {[%emt 0:00:37]} 9. O-O {[%emt 0:23:27]} Nc5 {[%emt 0:01:33] The position is equal.} 10. Bg5 {[%emt 0:00:22]} h6 {[%emt 0:00:50]} (10... Ncxe4 $2 11. Bxe4 Bh3 12. Bg2 (12. Bxb7 Bxf1 13. Qxf1 Rb8 $18) 12... Bxg2 13. Kxg2 $18) 11. Bxf6 {[%emt 0:00:36]} Qxf6 {[%emt 0:00:05]} 12. b3 $146 {[%emt 0:07:21]} (12. Nc1 Qg6 13. f3 Be6 14. b3 Rfd8 15. Nd3 h5 16. Nxc5 dxc5 17. Qe2 h4 18. g4 {0-1 Fernandez,J-Malbran,G (2350) San Isidoro op 1993 (5)}) 12... Qg6 {[%emt 0:03:08]} 13. f3 {[%emt 0:15:07]} b6 {[%emt 0:13:16]} ({Black should try} 13... Be6 $17 14. Rf2 b6) 14. Nc1 {[%emt 0:10:37]} Qg5 {[%emt 0:16:27]} 15. Qe2 {[%emt 0:04:25]} Bb7 {[%emt 0:08:28]} 16. Rb1 {[%emt 0:03:36]} Qh5 {[%emt 0:05:05] Black has more active pieces.} 17. Rb2 {[%emt 0:02:18]} f5 {[%emt 0:05:56]} 18. exf5 {[%emt 0:09:27]} Qxf5 {[%emt 0:00:06]} (18... Rxf5 $2 {too greedy.} 19. g4 Qg5 20. gxf5 $18) 19. Qd1 {[%emt 0:04:44]} Rf7 {[%emt 0:06:06]} 20. f4 {[%emt 0:01:40]} (20. b4 $142 Ne6 21. Nb3) 20... Bxg2 $17 {[%emt 0:00:51]} 21. Rxg2 {[%emt 0:00:57]} Raf8 {[%emt 0:01:51]} 22. g4 {[%emt 0:03:04]} Qe4 {[%emt 0:04:43]} 23. Re2 {[%emt 0:01:55] [#] Prevents Qe3+.} (23. f5 {was the only defense.}) 23... Qg6 $19 {[%emt 0:00:52] Black is winning.} 24. Qd5 {[%emt 0:00:57]} Qxg4+ {[%emt 0:00:22]} 25. Rg2 {[%emt 0:00:16]} Qe6 {[%emt 0:00:19] Weighted Error Value: White=0.31/Black=0.09 (flawless)   Mistake:       	White=2     	Black=1      Inaccurate:     	White=5     	---        OK:         	White=6     	Black=10     Best:        	---       	Black=1} 0-1

[Event "FIDE WSTC Open 50 2025"]
[Site "Prague"]
[Date "2025.02.25"]
[Round "8.34"]
[White "Duong, Thanh Nha"]
[Black "Schulenburg, Bernd"]
[Result "1-0"]
[Annotator "TA"]
[WhiteElo "2168"]
[BlackElo "2144"]
[PlyCount "39"]
[EventDate "2025.02.17"]
[EventType "team-tourn"]
[EventCountry "CZE"]
[SourceTitle "playchess.com"]
[Source "ChessBase"]
[SourceQuality "1"]
[TimeControl "40/5400+30:1800+30"]

{[%evp 15,39,8,7,0,0,0,0,-2,-8,-27,0,-41,-46,-48,-32,-25,-25,-30,-28,-25,-19,-72,72,52,545,552]} 1. Nf3 {[%emt 0:00:18]} Nf6 {[%emt 0:00:30]} 2. c4 {[%emt 0:00:10]} e6 {[%emt 0:01:06]} 3. g3 {[%emt 0:00:32]} d5 {[%emt 0:01:16]} 4. d4 {[%emt 0:01:13]} Bb4+ {[%emt 0:02:28]} 5. Bd2 {[%emt 0:00:34]} Be7 {[%emt 0:00:07]} 6. Bg2 {[%emt 0:00:14]} O-O {[%emt 0:00:51]} 7. Qc2 {[%emt 0:00:36]} Nbd7 {[%emt 0:07:25]} 8. O-O {[%emt 0:01:16]} c6 {[%emt 0:03:48]} 9. a4 {[%emt 0:05:15] E11: Bogo-Indian.} a5 {[%emt 0:06:19]} 10. b3 {[%emt 0:06:34]} b6 {[%emt 0:05:42]} 11. Rc1 {[%emt 0:07:38] The position is equal.} Ba6 {[%emt 0:06:54]} 12. cxd5 $146 {[%emt 0:01:38]} (12. Na3 Rc8 13. Bf4 Bb4 14. Ne5 Nxe5 15. Bxe5 Ng4 16. Bf4 g5 17. Be3 Nxe3 18. fxe3 {0-1 Kusa,J (2340)-Gagare,S (2480) Pardubice Czech op-A 34th 2023 (8)}) 12... Nxd5 {[%emt 0:04:07]} 13. e4 {[%emt 0:02:45]} (13. Qxc6 $2 Rc8 $19 (13... Bxe2 14. Qc2 $15)) 13... Nb4 {[%emt 0:01:10]} 14. Bxb4 {[%emt 0:00:12]} Bxb4 {[%emt 0:00:09]} 15. Nbd2 {[%emt 0:00:54]} Rc8 {[%emt 0:03:20]} 16. Nc4 {[%emt 0:01:03]} b5 {[%emt 0:08:41]} 17. Ne3 {[%emt 0:01:15]} bxa4 {[%emt 0:00:28]} 18. Rxa4 {[%emt 0:07:02] [#]} (18. bxa4 $11 Nb6 19. Rd1) 18... e5 {[%emt 0:07:35]} 19. dxe5 {[%emt 0:03:10] White is more active.} Nc5 $2 {[%emt 0:03:55][%mdl 8192] [#]} ({Black should play} 19... Bb5 $14) 20. Rxb4 $1 {[%emt 0:00:39][%mdl 512] Weighted Error Value: White=0.17 (very precise) /Black=0.72  Loses game:     	---       	Black=1      Mistake:       	White=1     	Black=1      Inaccurate:     	White=1     	Black=1      OK:         	White=4     	Black=6      Brilliant:      	White=1     	---} 1-0

[Event "FIDE WSTC Open 50 2025"]
[Site "Prague"]
[Date "2025.02.25"]
[Round "8.35"]
[White "Berndt, Matthias"]
[Black "Pineault, Denis"]
[Result "1/2-1/2"]
[Annotator "TA"]
[WhiteElo "2072"]
[BlackElo "2270"]
[PlyCount "62"]
[EventDate "2025.02.17"]
[EventType "team-tourn"]
[EventCountry "CZE"]
[SourceTitle "playchess.com"]
[Source "ChessBase"]
[SourceQuality "1"]
[TimeControl "40/5400+30:1800+30"]

{[%evp 11,62,2,6,5,8,-7,25,22,22,-4,65,0,10,7,4,18,40,29,59,55,60,25,15,0,10,-7,0,0,0,-19,6,0,4,0,-9,-6,0,0,0,0,0,0,0,0,13,0,-2,-19,-20,-32,-17,-20,-20]} 1. e4 {[%emt 0:00:04]} c5 {[%emt 0:00:13]} 2. d3 {[%emt 0:00:16]} Nc6 {[%emt 0:00:20]} 3. g3 {[%emt 0:00:07]} g6 {[%emt 0:00:06]} 4. Bg2 {[%emt 0:00:08]} Bg7 {[%emt 0:00:04]} 5. Nf3 {[%emt 0:00:47]} d6 {[%emt 0:01:58]} 6. O-O {[%emt 0:00:16]} Rb8 {[%emt 0:07:55]} 7. a4 {[%emt 0:02:46] A04: Unusual lines after 1 Nf3 and King's Indian Attack.} a6 {[%emt 0:03:01][%cal Ba7a6,Ba6b5][%mdl 32]} 8. Nbd2 {[%emt 0:08:50]} b5 {[%emt 0:04:37]} 9. axb5 {[%emt 0:00:48] White has an edge.} axb5 {[%emt 0:00:11]} 10. Re1 {[%emt 0:00:10][%cal Oe4e5]} e6 {[%emt 0:09:40]} (10... e5 $11) 11. Nf1 {[%emt 0:05:09]} ({White should play} 11. e5 $1 $14) 11... Nge7 {[%emt 0:00:20]} 12. c3 {[%emt 0:01:25]} b4 {[%emt 0:11:28]} 13. d4 {[%emt 0:04:58]} bxc3 {[%emt 0:00:48]} 14. bxc3 {[%emt 0:00:03]} cxd4 $146 {[%emt 0:00:51]} ({Predecessor:} 14... O-O 15. Ba3 cxd4 16. cxd4 Qc7 17. Rc1 Ra8 18. Qb3 Qd7 19. e5 d5 20. Ne3 Ba6 {0-1 Birkin,M (1945)-Hera,I (2618) Llucmajor op 6th 2017 (1)}) 15. cxd4 {[%emt 0:00:28]} O-O {[%emt 0:01:07]} 16. Bf4 {[%emt 0:02:23]} e5 {[%emt 0:08:24]} 17. dxe5 {[%emt 0:03:20]} dxe5 {[%emt 0:00:37]} 18. Bg5 {[%emt 0:00:31]} h6 {[%emt 0:01:32] The position is symmetric and equal} 19. Be3 {[%emt 0:00:44]} Be6 {[%emt 0:06:11]} 20. Qc1 {[%emt 0:05:20]} Kh7 {[%emt 0:01:03]} 21. Rd1 {[%emt 0:02:36]} Nd4 {[%emt 0:06:17]} 22. Bxd4 {[%emt 0:15:18]} exd4 {[%emt 0:00:17]} 23. e5 {[%emt 0:00:17]} Rc8 {[%emt 0:16:49]} 24. Qf4 {[%emt 0:04:27]} Nc6 {[%emt 0:00:49]} 25. Nxd4 {[%emt 0:01:31]} Nxd4 {[%emt 0:00:40]} 26. Rxd4 {[%emt 0:00:09]} Qc7 {[%emt 0:01:30]} 27. Re1 {[%emt 0:01:41]} Rfe8 {[%emt 0:01:30]} 28. Rd3 {[%emt 0:10:16]} h5 {[%emt 0:02:42]} 29. Qd4 {[%emt 0:02:39]} Red8 {[%emt 0:04:59]} 30. Qe3 {[%emt 0:01:55]} Rxd3 {[%emt 0:00:12]} 31. Qxd3 {[%emt 0:00:02]} Bxe5 {[%emt 0:00:13] Weighted Error Value: White=0.09 (flawless) /Black=0.13 (very precise)   Mistake:       	White=1     	Black=1      Inaccurate:     	White=2     	Black=2      OK:         	White=10    	Black=7} 1/2-1/2

[Event "FIDE WSTC Open 50 2025"]
[Site "Prague"]
[Date "2025.02.25"]
[Round "8.36"]
[White "Chabot, Roland"]
[Black "Haentsch, Ralf"]
[Result "1-0"]
[Annotator "TA"]
[WhiteElo "2038"]
[BlackElo "2087"]
[PlyCount "61"]
[EventDate "2025.02.17"]
[EventType "team-tourn"]
[EventCountry "CZE"]
[SourceTitle "playchess.com"]
[Source "ChessBase"]
[SourceQuality "1"]

1. d4 Nf6 2. Bg5 e6 3. e4 h6 4. Bxf6 Qxf6 5. c3 d6 6. Bc4 Qg6 7. Qf3 e5 8. Ne2 Be7 9. O-O O-O 10. Qe3 Bg5 11. f4 exf4 12. Nxf4 Bxf4 13. Rxf4 Be6 14. Bd3 Qg5 15. Nd2 c6 16. Raf1 Nd7 17. R1f3 h5 18. Nc4 d5 19. Nd6 b6 20. e5 Rad8 21. Bf5 Nf6 22. exf6 Rxd6 23. Rg3 Qxf6 24. Bh7+ Kxh7 25. Rxf6 gxf6 26. Qf4 Rdd8 27. Qf3 Bg4 28. Qxf6 Rde8 29. h3 Re6 30. Qf4 Re4 31. Qd6 1-0

[Event "FIDE WSTC Open 50 2025"]
[Site "Prague"]
[Date "2025.02.25"]
[Round "8.37"]
[White "Aagaard, Jacob"]
[Black "Belakovskaia, Anjelina"]
[Result "1-0"]
[Annotator "TA"]
[WhiteElo "2435"]
[BlackElo "2166"]
[PlyCount "185"]
[EventDate "2025.02.17"]
[EventType "team-tourn"]
[EventCountry "CZE"]
[SourceTitle "playchess.com"]
[Source "ChessBase"]
[SourceQuality "1"]

1. e4 g5 2. d4 Bg7 3. c3 h6 4. Bd3 d6 5. Ne2 Nc6 6. f4 e5 7. d5 Nce7 8. f5 c6 9. c4 b5 10. dxc6 bxc4 11. Bxc4 Nf6 12. Nbc3 O-O 13. Be3 Nxc6 14. O-O Ne7 15. Ng3 Bb7 16. Nh5 Rc8 17. b3 Qa5 18. Rc1 Ba6 19. Nxf6+ Bxf6 20. Qxd6 Rc6 21. Qd2 Rd8 22. Qe2 Rdc8 23. Bxa6 Qxa6 24. Qxa6 Rxa6 25. Nd5 Rd8 26. Nxf6+ Rxf6 27. Bxa7 Ra6 28. Bc5 Rxa2 29. Bxe7 Rdd2 30. Rf3 Rxg2+ 31. Kf1 Rxh2 32. Bc5 g4 33. Rd3 h5 34. Bg1 Rhe2 35. Re1 Reb2 36. Rg3 Kg7 37. Be3 Kf6 38. Kg1 Ra3 39. Rc1 Raa2 40. Rc6+ Kg7 41. Bh6+ Kg8 42. Bg5 Re2 43. Rc1 Kg7 44. Rb1 f6 45. Be3 Kf7 46. Bc5 Rac2 47. b4 Ke8 48. Rd3 Kf7 49. Rd7+ Kg8 50. Ra1 Ra2 51. Rxa2 Rxa2 52. Bf2 Rb2 53. Bh4 Rxb4 54. Bxf6 Rxe4 55. Bg5 Rd4 56. Rc7 Rd3 57. Re7 Rg3+ 58. Kh1 h4 59. Re8+ Kh7 60. Re7+ Kg8 61. f6 Rh3+ 62. Kg2 Rg3+ 63. Kf2 Rf3+ 64. Ke2 h3 65. Rg7+ Kf8 66. Rh7 Rf5 67. Bh6+ Ke8 68. Bg7 Kf7 69. Rh4 Rf4 70. Rh5 e4 71. Rh4 Kg6 72. Ke3 Rf3+ 73. Kxe4 Rg3 74. Rh6+ Kf7 75. Kf5 Rg2 76. Rh8 Rf2+ 77. Kxg4 h2 78. Kg3 Ra2 79. Rxh2 Ra3+ 80. Kg4 Ra4+ 81. Kg5 Ra5+ 82. Kh6 Ra3 83. Rb2 Rh3+ 84. Kg5 Rg3+ 85. Kf4 Rg1 86. Rb7+ Kg6 87. Bh8 Rf1+ 88. Ke5 Re1+ 89. Kd6 Re8 90. f7 Rxh8 91. Ke7 Kg7 92. Rb1 Ra8 93. f8=Q+ 1-0

[Event "FIDE WSTC Open 50 2025"]
[Site "Prague"]
[Date "2025.02.25"]
[Round "8.38"]
[White "Tsodikova, Natalia"]
[Black "Jaksland, Tim"]
[Result "1/2-1/2"]
[Annotator "TA"]
[WhiteElo "2051"]
[BlackElo "2143"]
[PlyCount "86"]
[EventDate "2025.02.17"]
[EventType "team-tourn"]
[EventCountry "CZE"]
[SourceTitle "playchess.com"]
[Source "ChessBase"]
[SourceQuality "1"]

1. e4 e5 2. Nf3 Nc6 3. Bc4 Nf6 4. d4 exd4 5. O-O Nxe4 6. Re1 d5 7. Bxd5 Qxd5 8. Nc3 Qd7 9. Rxe4+ Be7 10. Nb5 a6 11. Nbxd4 O-O 12. Qe2 Bf6 13. c3 Nxd4 14. Nxd4 b6 15. Bf4 Bb7 16. Re3 Rae8 17. Re1 Rxe3 18. Qxe3 c5 19. Nf3 h6 20. Nd2 Bc6 21. Ne4 Bxe4 22. Qxe4 Rd8 23. h3 b5 24. Qf3 Be7 25. Qe3 Bf8 26. Qe4 c4 27. Be3 Re8 28. Qf3 Qc7 29. Rd1 Rd8 30. Rd5 Rxd5 31. Qxd5 Qc8 32. Bd4 Be7 33. Kf1 Qe6 34. Qxe6 fxe6 35. Ke2 Bd6 36. Ke3 e5 37. Bb6 Kf7 38. Ke4 Ke6 39. Be3 h5 40. g4 hxg4 41. hxg4 g6 42. f3 Bc7 43. Bc5 Bb8 1/2-1/2

[Event "FIDE WSTC Open 50 2025"]
[Site "Prague"]
[Date "2025.02.25"]
[Round "8.39"]
[White "Nordenbaek, Jan"]
[Black "Sagalchik, Olga"]
[Result "1-0"]
[Annotator "TA"]
[WhiteElo "2192"]
[BlackElo "2097"]
[PlyCount "59"]
[EventDate "2025.02.17"]
[EventType "team-tourn"]
[EventCountry "CZE"]
[SourceTitle "playchess.com"]
[Source "ChessBase"]
[SourceQuality "1"]

1. e4 c5 2. Nf3 d6 3. d4 cxd4 4. Nxd4 Nf6 5. Nc3 a6 6. Bg5 Qb6 7. a3 Nc6 8. Nb3 Ng4 9. Qd2 Be6 10. Nd5 Bxd5 11. exd5 Nce5 12. h3 Nf6 13. Bxf6 gxf6 14. Be2 Rc8 15. O-O f5 16. Rac1 Ng6 17. a4 Bg7 18. a5 Qa7 19. c3 Be5 20. Ra1 Nf4 21. Ra4 Nxe2+ 22. Qxe2 f4 23. Qg4 Qb8 24. Rb4 Qc7 25. Nd2 Rb8 26. Nc4 Qd7 27. Qh5 e6 28. Nxe5 dxe5 29. Qxe5 O-O 30. Qg5+ 1-0

[Event "FIDE WSTC Open 50 2025"]
[Site "Prague"]
[Date "2025.02.25"]
[Round "8.40"]
[White "Jezierska, Ivona"]
[Black "Nielsen, Niels-Peter"]
[Result "1/2-1/2"]
[Annotator "TA"]
[WhiteElo "2068"]
[BlackElo "2086"]
[PlyCount "29"]
[EventDate "2025.02.17"]
[EventType "team-tourn"]
[EventCountry "CZE"]
[SourceTitle "playchess.com"]
[Source "ChessBase"]
[SourceQuality "1"]

1. e4 c5 2. c3 Nf6 3. e5 Nd5 4. d4 cxd4 5. Nf3 Nc6 6. a3 d6 7. cxd4 dxe5 8. dxe5 Bg4 9. Bc4 e6 10. Qb3 Nb6 11. Nbd2 Be7 12. Bd3 Qd5 13. Qc3 Rc8 14. Be4 Qc5 15. Qxc5 1/2-1/2

[Event "FIDE WSTC Open 50 2025"]
[Site "Prague"]
[Date "2025.02.26"]
[Round "9.1"]
[White "Ehlvest, Jaan"]
[Black "Bischoff, Klaus"]
[Result "1-0"]
[Annotator "TA"]
[WhiteElo "2531"]
[BlackElo "2432"]
[PlyCount "59"]
[EventDate "2025.02.17"]
[EventType "team-tourn"]
[EventCountry "CZE"]
[SourceTitle "playchess.com"]
[Source "ChessBase"]
[SourceQuality "1"]

1. e4 c5 2. Nf3 e6 3. d4 cxd4 4. Nxd4 a6 5. Be2 Nf6 6. Nc3 d6 7. O-O Be7 8. f4 Qc7 9. a4 Nc6 10. Be3 O-O 11. Kh1 Nxd4 12. Qxd4 Bd7 13. e5 Ne8 14. Qd3 Bc6 15. Bd4 Rc8 16. Rad1 dxe5 17. fxe5 g6 18. Bf3 Bxf3 19. Qxf3 h5 20. Ne4 Qc6 21. Be3 Ng7 22. Bh6 Kh7 23. Qf4 h4 24. Bg5 Nh5 25. Qxh4 Bxg5 26. Nxg5+ Kg7 27. c3 Qc4 28. Qxc4 Rxc4 29. Rd7 Kg8 30. Nxf7 1-0

[Event "FIDE WSTC Open 50 2025"]
[Site "Prague"]
[Date "2025.02.26"]
[Round "9.2"]
[White "Seul, Georg"]
[Black "Kaidanov, Gregory"]
[Result "1-0"]
[Annotator "TA"]
[WhiteElo "2329"]
[BlackElo "2513"]
[PlyCount "108"]
[EventDate "2025.02.17"]
[EventType "team-tourn"]
[EventCountry "CZE"]
[SourceTitle "playchess.com"]
[Source "ChessBase"]
[SourceQuality "1"]

1. e4 e5 2. Nf3 Nc6 3. Nc3 Nf6 4. Bb5 Bc5 5. O-O d6 6. d4 exd4 7. Nxd4 Bd7 8. Nf5 O-O 9. Bg5 h6 10. Bh4 Bxf5 11. exf5 Re8 12. Bxf6 Qxf6 13. Nd5 Qd8 14. f6 Re6 15. fxg7 Kxg7 16. Nf4 Re5 17. Bxc6 bxc6 18. Nd3 Rf5 19. Qg4+ Rg5 20. Qf3 Qd7 21. Rae1 Bb6 22. Re4 Re8 23. Rxe8 Qxe8 24. Re1 Qd7 25. h4 Ra5 26. Re4 Qf5 27. Rg4+ Kf8 28. Qg3 Rxa2 29. Rg8+ Ke7 30. Qg7 Bxf2+ 31. Kh2 Ra4 32. Qf8+ Kf6 33. Qd8+ Ke6 34. Qc8+ Kf6 35. Qxf5+ Kxf5 36. Nxf2 Rxh4+ 37. Kg3 Rc4 38. c3 Rc5 39. Rc8 Rb5 40. Rxc7 Rxb2 41. Rxc6 Ke6 42. Kf3 Rb3 43. Ke3 Kd7 44. Rc4 a5 45. Nd3 a4 46. Kd4 a3 47. Ra4 h5 48. Ra7+ Ke6 49. Nf4+ Kf6 50. Nxh5+ Kg5 51. Ng3 f5 52. Ra5 Rb2 53. Nxf5 a2 54. Nxd6+ Kf4 1-0

[Event "FIDE WSTC Open 50 2025"]
[Site "Prague"]
[Date "2025.02.26"]
[Round "9.3"]
[White "Shabalov, Alexander"]
[Black "Schulz, Klaus-Juergen"]
[Result "1-0"]
[Annotator "TA"]
[WhiteElo "2471"]
[BlackElo "2345"]
[PlyCount "63"]
[EventDate "2025.02.17"]
[EventType "team-tourn"]
[EventCountry "CZE"]
[SourceTitle "playchess.com"]
[Source "ChessBase"]
[SourceQuality "1"]

1. e4 e5 2. Nf3 Nf6 3. Nc3 Bb4 4. Nxe5 O-O 5. Nd3 Bxc3 6. dxc3 Nxe4 7. Be2 d5 8. O-O Nd7 9. Nf4 Ndf6 10. Be3 b6 11. f3 Nc5 12. c4 Bb7 13. cxd5 Nxd5 14. Nxd5 Bxd5 15. Re1 Be6 16. a4 Qe7 17. a5 Rfd8 18. Qc1 h6 19. Ra3 Bd5 20. Bf1 Ne6 21. Ra4 Qf6 22. Rg4 Kf8 23. Bf2 Qe7 24. c4 Bc6 25. b4 Be8 26. c5 bxc5 27. Bxc5 Rd6 28. Bc4 Bd7 29. Qc3 h5 30. Rxg7 Qh4 31. g3 Qh3 32. Qf6 1-0

[Event "FIDE WSTC Open 50 2025"]
[Site "Prague"]
[Date "2025.02.26"]
[Round "9.4"]
[White "Wolf, Volker"]
[Black "Rachels, Stuart"]
[Result "1/2-1/2"]
[Annotator "TA"]
[WhiteElo "2206"]
[BlackElo "2466"]
[PlyCount "80"]
[EventDate "2025.02.17"]
[EventType "team-tourn"]
[EventCountry "CZE"]
[SourceTitle "playchess.com"]
[Source "ChessBase"]
[SourceQuality "1"]

1. e4 c5 2. Nf3 d6 3. d4 cxd4 4. Nxd4 Nf6 5. Nc3 Nc6 6. Bc4 Qb6 7. Nb3 e6 8. Bf4 Ne5 9. Be2 Bd7 10. O-O Be7 11. Be3 Qc7 12. Nb5 Bxb5 13. Bxb5+ Nc6 14. Qf3 O-O 15. Bd3 d5 16. exd5 Nxd5 17. Qh3 g6 18. c3 Nxe3 19. Qxe3 Rfd8 20. Rfd1 Rd6 21. Be2 Rad8 22. Rxd6 Bxd6 23. g3 a6 24. Rd1 b5 25. Nd2 Be7 26. Ne4 Rxd1+ 27. Bxd1 Na5 28. Be2 Nc4 29. Bxc4 Qxc4 30. b3 Qd5 31. Qe2 f5 32. Nd2 Bg5 33. Nf3 Bf6 34. c4 bxc4 35. bxc4 Qc6 36. h4 Kf7 37. Ng5+ Bxg5 38. hxg5 Qc5 39. Qd3 Ke7 40. Qc3 e5 1/2-1/2

[Event "FIDE WSTC Open 50 2025"]
[Site "Prague"]
[Date "2025.02.26"]
[Round "9.5"]
[White "David, Alberto"]
[Black "Csiszar, Csaba"]
[Result "1-0"]
[Annotator "TA"]
[WhiteElo "2467"]
[BlackElo "2378"]
[PlyCount "67"]
[EventDate "2025.02.17"]
[EventType "team-tourn"]
[EventCountry "CZE"]
[SourceTitle "playchess.com"]
[Source "ChessBase"]
[SourceQuality "1"]

1. e4 c5 2. Nf3 Nc6 3. Bb5 d6 4. O-O Bd7 5. Re1 Nf6 6. c3 a6 7. Bf1 Bg4 8. h3 Bxf3 9. Qxf3 g6 10. d3 Bg7 11. Be3 Nd7 12. Nd2 b5 13. Qd1 b4 14. Qa4 Qc7 15. Rac1 Qb7 16. cxb4 Nxb4 17. a3 Nc6 18. b4 O-O 19. bxc5 Nxc5 20. Bxc5 dxc5 21. Rxc5 Nd4 22. e5 Rfd8 23. Rb1 Qa7 24. Ne4 Rab8 25. Rbc1 Qb6 26. Qc4 Bh6 27. Re1 Bf4 28. Rc7 Re8 29. Nf6+ Kg7 30. Nxe8+ Rxe8 31. Re4 Ne6 32. Rc6 Bh2+ 33. Kxh2 Qxf2 34. Rxe6 1-0

[Event "FIDE WSTC Open 50 2025"]
[Site "Prague"]
[Date "2025.02.26"]
[Round "9.6"]
[White "Czebe, Attila"]
[Black "Godena, Michele"]
[Result "1/2-1/2"]
[Annotator "TA"]
[WhiteElo "2255"]
[BlackElo "2439"]
[PlyCount "51"]
[EventDate "2025.02.17"]
[EventType "team-tourn"]
[EventCountry "CZE"]
[SourceTitle "playchess.com"]
[Source "ChessBase"]
[SourceQuality "1"]

1. e4 e5 2. Nf3 Nc6 3. d4 exd4 4. Nxd4 Qf6 5. Nb5 Bc5 6. f4 Qd8 7. e5 d6 8. exd6 cxd6 9. Bd3 Nge7 10. Nd2 a6 11. Nc3 O-O 12. Nde4 Nf5 13. Nxc5 Qh4+ 14. Kf1 dxc5 15. Qf3 Nfd4 16. Qf2 Qxf2+ 17. Kxf2 Nb4 18. Be3 Rd8 19. Rac1 Be6 20. Be4 f5 21. a3 fxe4 22. axb4 cxb4 23. Nxe4 Bf5 24. Ng3 Bg6 25. Rhd1 Nf5 26. Nxf5 1/2-1/2

[Event "FIDE WSTC Open 50 2025"]
[Site "Prague"]
[Date "2025.02.26"]
[Round "9.7"]
[White "Bellia, Fabrizio"]
[Black "Horvath, Peter"]
[Result "1/2-1/2"]
[Annotator "TA"]
[WhiteElo "2393"]
[BlackElo "2354"]
[PlyCount "77"]
[EventDate "2025.02.17"]
[EventType "team-tourn"]
[EventCountry "CZE"]
[SourceTitle "playchess.com"]
[Source "ChessBase"]
[SourceQuality "1"]

1. e4 c5 2. Nf3 Nc6 3. Bb5 g6 4. Bxc6 dxc6 5. d3 Bg7 6. h3 Nf6 7. Nc3 O-O 8. O-O b6 9. Bf4 Ne8 10. a4 Nc7 11. Qd2 Re8 12. Bh6 Ne6 13. Bxg7 Kxg7 14. Ne2 f6 15. h4 Nf8 16. Nh2 e5 17. f4 c4 18. fxe5 fxe5 19. h5 cxd3 20. h6+ Kg8 21. cxd3 c5 22. Qc3 Qg5 23. Rf3 Qxh6 24. a5 Be6 25. axb6 axb6 26. Rxa8 Rxa8 27. Qxe5 Ra1+ 28. Nf1 Bf7 29. Qf6 Qg7 30. Qxb6 Ne6 31. Qb8+ Qf8 32. Qe5 Qd8 33. b4 Ra2 34. Nc3 Rc2 35. Nd5 Qg5 36. Qb8+ Qd8 37. Qe5 Qg5 38. Qb8+ Qd8 39. Qe5 1/2-1/2

[Event "FIDE WSTC Open 50 2025"]
[Site "Prague"]
[Date "2025.02.26"]
[Round "9.8"]
[White "Krizsany, Laszlo"]
[Black "D'Amore, Carlo"]
[Result "1/2-1/2"]
[Annotator "TA"]
[WhiteElo "2303"]
[BlackElo "2362"]
[PlyCount "33"]
[EventDate "2025.02.17"]
[EventType "team-tourn"]
[EventCountry "CZE"]
[SourceTitle "playchess.com"]
[Source "ChessBase"]
[SourceQuality "1"]

1. d4 d5 2. c4 c6 3. Nf3 Nf6 4. Nc3 a6 5. c5 Nbd7 6. Bf4 Nh5 7. Bd2 Nhf6 8. Bf4 Nh5 9. Bd2 Nhf6 10. Qc2 g6 11. g3 Bg7 12. Bg2 O-O 13. O-O Re8 14. Na4 a5 15. Rfd1 h6 16. h3 Ne4 17. Be3 1/2-1/2

[Event "FIDE WSTC Open 50 2025"]
[Site "Prague"]
[Date "2025.02.26"]
[Round "9.9"]
[White "Adams, Michael"]
[Black "Kazhgaleyev, Murtas"]
[Result "1-0"]
[Annotator "TA"]
[WhiteElo "2664"]
[BlackElo "2495"]
[PlyCount "77"]
[EventDate "2025.02.17"]
[EventType "team-tourn"]
[EventCountry "CZE"]
[SourceTitle "playchess.com"]
[Source "ChessBase"]
[SourceQuality "1"]

1. e4 e5 2. Nf3 Nc6 3. Bb5 a6 4. Ba4 Nf6 5. O-O b5 6. Bb3 Bc5 7. c3 d6 8. d4 Bb6 9. Be3 O-O 10. Nbd2 Na5 11. Bc2 Ng4 12. b4 Nxe3 13. fxe3 Nc6 14. a4 Bd7 15. Kh1 bxa4 16. Bxa4 a5 17. bxa5 Nxa5 18. Bxd7 Qxd7 19. Qc2 h6 20. h3 Nc6 21. Nc4 Na5 22. Ncd2 Nc6 23. Rab1 exd4 24. exd4 d5 25. exd5 Qxd5 26. Qd3 Rfe8 27. Nc4 Rab8 28. Nh4 Qg5 29. Nf5 g6 30. h4 Qd8 31. Nxh6+ Kg7 32. Rxf7+ Kxh6 33. Qd2+ g5 34. hxg5+ Kg6 35. Qd3+ Kxf7 36. Qh7+ Ke6 37. Re1+ Kd5 38. Qf7+ Re6 39. Qxe6# 1-0